000 00319nam a2200133Ia 4500
008 220216s9999 xx 000 0 und d
100 _aBoggs F W
245 0 _aFriction of rubber on rough surfaces
260 _bPlanter
_c1957
300 _a615-621
650 _aRubber friction
700 _aRiemen W P
942 _cJS
999 _c59590
_d59590